Loading...
| Mythology | 0 | 2 | 0 | 1 | 20 | 109 | 125.50 | 0 | 1 | 1.81 | 8.75 |
| Literature - World | 0 | 2 | 0 | 1 | 20 | 118 | 131.00 | 0 | 2 | 1.91 | 10.23 |
| Literature - British | 1 | 0 | 0 | 0 | 15 | 61 | 61.00 | 0 | 1 | 4.83 | 7.95 |
| Science - Biology | 0 | 1 | 0 | 0 | 10 | 118 | 118.00 | 0 | 0 | 0.08 | 1.14 |
| Science - Other | 0 | 1 | 0 | 1 | 10 | 120 | 120.00 | 0 | 0 | 0.15 | 3.41 |
| Literature - American | 0 | 1 | 0 | 1 | 10 | 118 | 118.00 | 0 | 0 | 1.84 | 4.55 |
| Religion | 0 | 1 | 0 | 0 | 10 | 119 | 119.00 | 0 | 0 | 0.08 | 1.25 |
| History - World | 0 | 1 | 0 | 0 | 10 | 129 | 129.00 | 0 | 0 | 0.37 | 4.17 |
| Science - Chemistry | 0 | 0 | 0 | 0 | 0 | 0.00 | 0 | 0 | 0.00 | 0.00 |